| 000 | 01086cab a2200289 4500 | ||
|---|---|---|---|
| 001 | ABS46113 | ||
| 008 | 090401t1992 xxu||||| |||| 00| 0 eng d | ||
| 035 | _a(Sirsi) u56868 | ||
| 041 | _aeng | ||
| 245 | _aAssignment rulings heading for Lords | ||
| 260 | _c1992 | ||
| 350 | _a0 | ||
| 490 |
_aBuilding _v257(7735) 6 March 1992, 28(1) |
||
| 520 | _aDiscusses the results of two CA rulings "Linden Gardens Trust v Lenesta Sludge Disposals" and "St Martins Corporation v Sir Robert McAlpine" 1992 concerning assignment rights. Appeals from both cases are expected to be referred to the House of Lords. | ||
| 650 | _aASSIGNMENT RIGHTS | ||
| 650 | _aBUILT ENVIRONMENT-BUILDING CONTRACT FORMS | ||
| 650 | _aCLAIMS | ||
| 650 | _aCONTRACT CLAIMS | ||
| 650 | _aDEFECTIVE WORK | ||
| 650 | _aJCT 1963 CLAUSE 17 | ||
| 650 | _aLINDEN GARDEN TRUST V LENESTA SLUDGE DISPOSALS | ||
| 650 | _aRIGHT OF ACTION | ||
| 650 | _aST MARTINS PROPERTY CORPORATION LTD V SIR ROBERT MCALPINE AND SONS LTD | ||
| 690 | _aBUILDING AND CONSTRUCTION-CASE LAW | ||
| 942 | _n0 | ||
| 948 | _c04/03/1997 | ||
| 999 |
_c34708 _d34708 |
||